Análisis cuantitativo de los compuestos orgánicos volátiles en el sector de la construcción
Bewaard in:
| Hoofdauteur: | |
|---|---|
| Formaat: | Boek |
| Gepubliceerd in: |
[San José, Costa Rica]
2008
|
| Onderwerpen: | |
| Tags: |
Voeg label toe
Geen labels, Wees de eerste die dit record labelt!
|
MARC
| LEADER | 00000nam a2200000Ia 4500 | ||
|---|---|---|---|
| 003 | 01117 | ||
| 005 | 20221231144100.0 | ||
| 008 | 140114s2008 cr a 000 ||s d | ||
| 040 | |c cru CEDI | ||
| 090 | |a TFG 5642 | ||
| 100 | |a Lizano Van der Laat, Federico |9 4371 | ||
| 245 | |a Análisis cuantitativo de los compuestos orgánicos volátiles en el sector de la construcción | ||
| 260 | |c 2008 |b [San José, Costa Rica] | ||
| 300 | |a xix, 144, [10] hojas; ilustraciones a color | ||
| 500 | |a Tesis (licenciatura en ingeniería civil)--Universidad de Costa Rica. Escuela de Ingeniería Civil | ||
| 650 | |x QUIMICA ANALITICA CUANTITATIVA |x COMPUESTOS ORGANICOS VOLATILES |x SUSTANCIAS TOXICAS |x CROMATOGRAFIA DE GASES |x INDUSTRIA DE LA CONSTRUCCION |x MEDIDAS DE SEGURIDAD |x SALUD OCUPACIONAL |9 4372 | ||
| 942 | |c TFG | ||
| 999 | |c 16619 |d 16619 | ||
